Państwa na Literę B - Statystyki

Ogólne statystyki
  • Ten quiz został rozwiązany 26 razy
  • Średni wynik to 11 z 17
Statystyki odpowiedzi
Państwo Kontynent % Poprawnych
Belgia Europa
80%
Brazylia A. Południowa
80%
Bahamy A. Północna
76%
Białoruś Europa
76%
Bułgaria Europa
76%
Bangladesz Azja
72%
Bośnia i Hercegowina Europa
72%
Boliwia A. Południowa
64%
Belize A. Północna
60%
Bhutan Azja
60%
Bahrajn Azja
56%
Barbados A. Północna
56%
Benin Afryka
56%
Brunei Azja
56%
Botswana Afryka
48%
Burkina Faso Afryka
48%
Burundi Afryka
48%
Nie znaleziono quizów pasujących do podanych kryteriów
Rozkład punktacji
Procent ludzi z każdym wynikiem
Percentyl według liczby udzielonych odpowiedzi
Twoja historia wyników
Nie rozwiązałeś tego quizu